| 000 | 00422nam a22001817a 4500 | ||
|---|---|---|---|
| 005 | 20200316121813.0 | ||
| 008 | 200316b xxu||||| |||| 00| 0 eng d | ||
| 020 | _a9788188919027 | ||
| 041 | _aeng | ||
| 082 | _a338.476 151 | ||
| 100 |
_aJOSEPH, AJOY S _95205 |
||
| 245 | _aPHARMACEUTICAL MARKETING | ||
| 250 | _a1st, 2010 | ||
| 260 |
_aDELHI _bCBS _c2019 |
||
| 300 | _a156p, | ||
| 650 |
_aPHARMACY _95206 |
||
| 942 | _cBK | ||
| 999 |
_c6112 _d6110 |
||